| 000 | 00692 a2200205 4500 | ||
|---|---|---|---|
| 010 | _aENG-88720 | ||
| 020 |
_a8189973080 _c170.00 |
||
| 035 | _aEN-72253 | ||
| 037 | _bDBAD / PUB | ||
| 082 | 1 | 4 | _a230.954 |
| 090 |
_c9206 _d9206 |
||
| 100 | 1 | _aSardesai, V. S. | |
| 245 | 1 |
_aAmartya sen's hindu bash _cby V. S. Sardesai |
|
| 260 |
_aNew Delhi _bReadworthy Publications _c2008 |
||
| 270 |
_aA-18, Mohan Garden, Near Nawada Metro Staion _bNew Delhi _e110059 _minfo@readworthypub.com |
||
| 300 |
_ax, 118 p. _c22 cm. (Pbk) |
||
| 500 | _aIncludes index | ||
| 942 |
_adpl _cEN _k230.954 / SAR |
||
| 999 |
_c9041 _d9041 |
||